| 000 | 00409cam a2200169ua 4500 | ||
|---|---|---|---|
| 020 | _c395.00 | ||
| 041 |
_aeng _h |
||
| 082 |
_a518 _bBIR/HI |
||
| 100 | _aBird, John . | ||
| 245 |
_aHigher engineering mathematics / _cJohn Bird. _hTextual Documents |
||
| 260 |
_aBurlington : _bNewnes , _c2006. |
||
| 300 |
_a704 ; _eCD. |
||
| 365 | _a395.00 | ||
| 504 | _a | ||
| 942 | _cBK | ||
| 999 |
_c13280 _d13280 |
||